• 首页
  • 本馆介绍
  • 公告通知
  • 最新文献
  • 馆藏检索
  • 电子资源
  • 读者导购
  • 参考咨询
  • 我的图书馆
  • 登录
  • 详细信息显示
  • 放入我的书架
  • 预约/预借图书
  • 作者相关作品
  • 分类相关作品
  • 丛书相关作品
  • 出版社相关作品

书目信息

  • 表格格式
  • 工作单格式
  • 卡片格式
题名:
进化算法在生物多序列比对中的应用
    
 
作者: 龙海侠 著
分册:  
出版信息: 北京   清华大学出版社  2017.5
页数: 14,271页
开本: 21cm
丛书名:
单 册:
中图分类: O242.23 , Q-33
科图分类:
主题词: 最优化算法--应用--生物分析--研究
电子资源:
ISBN: 978-7-302-46806-6
000 01466nam0 2200277 450
001 0400001965
005 20171019205908.0
010    @a978-7-302-46806-6@b精装@dCNY98.00
100    @a20170802e2017 em y0chiy50 ea
101 0  @achi
102    @aCN@b110000
105    @ay z 000yy
106    @ar
200 1  @a进化算法在生物多序列比对中的应用@9jin hua suan fa zai sheng wu duo xu lie bi dui zhong de ying yong@f龙海侠[等]著
210    @a北京@c清华大学出版社@d2017.5
215    @a14,271页@d21cm
304    @a著者还有:李满枝、王洪涛、付海艳
312    @a封面英文题名:Multiple sequence alignment of biology based on evolutionary algorithms
330    @a本书全面系统地介绍了进化算法在生物多序列比对中的应用,根据内容的分类,分为“多序列比对基础篇”“多序列比对模拟篇”和“多序列比对参数篇”三个模块。首先介绍生物多序列比对的基础知识,包括多序列比对的基本概念、原理、方法、常用数据库、常用工具和应用等内容,并介绍进化算法和最优化理论的基础知识,以及遗传算法、粒子群优化算法和量子粒子群优化算法的优化过程及收敛性分析,为进行多序列比对的模拟提供理论基础;然后详细介绍各进化算法模拟多序列比对的过程与结果;最后对于多序列比对最重要的目标函数参数进行建模与分析。
510 1  @aMultiple sequence alignment of biology based on evolutionary algorithms@zeng
606 0  @a最优化算法@x应用@x生物分析@x研究
690    @aO242.23@v5
690    @aQ-33@v5
701  0 @a龙海侠@9long hai xia@f(1980- )@4著
801  0 @aCN@b91MARC@c20171019
905    @b1026086-90@dO242.23@f5@e41
    
    进化算法在生物多序列比对中的应用/龙海侠[等]著.-北京:清华大学出版社,2017.5
    14,271页;21cm
    
    
    ISBN 978-7-302-46806-6(精装):CNY98.00
    本书全面系统地介绍了进化算法在生物多序列比对中的应用,根据内容的分类,分为“多序列比对基础篇”“多序列比对模拟篇”和“多序列比对参数篇”三个模块。首先介绍生物多序列比对的基础知识,包括多序列比对的基本概念、原理、方法、常用数据库、常用工具和应用等内容,并介绍进化算法和最优化理论的基础知识,以及遗传算法、粒子群优化算法和量子粒子群优化算法的优化过程及收敛性分析,为进行多序列比对的模拟提供理论基础;然后详细介绍各进化算法模拟多序列比对的过程与结果;最后对于多序列比对最重要的目标函数参数进行建模与分析。
●
相关链接 在E读中查询图书 在五车中查询图书 在当当中查询图书 在豆瓣中查询图书


正题名:进化算法在生物多序列比对中的应用     索取号:O242.23/41         预约/预借

序号 登录号 条形码 馆藏地/架位号 状态 备注
1 1026086   210260867   第二样本阅览室/ [索取号:O242.23/41] 在馆    
2 1026087   210260876   密集书库-数信学院/ [索取号:O242.23/41] 在馆    
3 1026088   210260885   第三借阅区/ [索取号:O242.23/41] 在馆    
4 1026089   210260894   第三借阅区/ [索取号:O242.23/41] 在馆    
5 1026090   210260901   第三借阅区/ [索取号:O242.23/41] 在馆    
唐山师范学院图书馆 欢迎您!
大连网信软件有限公司© 版权所有